Elementary solid state physics: principles and applications (Record no. 7762)

000 -LEADER
fixed length control field 00525 a2200157 4500
003 - CONTROL NUMBER IDENTIFIER
control field Nust
005 - DATE AND TIME OF LATEST TRANSACTION
control field 20170207194730.0
008 - FIXED-LENGTH DATA ELEMENTS--GENERAL INFORMATION
fixed length control field 170207b xxu||||| |||| 00| 0 eng d
020 ## - INTERNATIONAL STANDARD BOOK NUMBER
International Standard Book Number 0201054825
040 ## - CATALOGING SOURCE
Original cataloging agency DLC
Language of cataloging DLC
Transcribing agency nust
082 00 - DEWEY DECIMAL CLASSIFICATION NUMBER
Classification number 530.41 OMA
100 1# - MAIN ENTRY--PERSONAL NAME
Personal name Omar, M. Ali.
245 10 - TITLE STATEMENT
Title Elementary solid state physics: principles and applications
Remainder of title principles and applications
Statement of responsibility, etc. M. A. Omar.
260 ## - PUBLICATION, DISTRIBUTION, ETC.
Place of publication, distribution, etc. Reading, Mass. :
Name of publisher, distributor, etc. Addison-Wesley Pub. Co.,
Date of publication, distribution, etc. [1975]
300 ## - PHYSICAL DESCRIPTION
Extent xv, 669 p. :
Other physical details ill. ;
Dimensions 24 cm.
440 #0 - SERIES STATEMENT/ADDED ENTRY--TITLE
Title Addison-Wesley series in solid state sciences
650 #0 - SUBJECT ADDED ENTRY--TOPICAL TERM
Topical term or geographic name entry element Solid state physics.
942 ## - ADDED ENTRY ELEMENTS (KOHA)
Koha item type Book
Call number prefix 530.41 ALI
Source of classification or shelving scheme
Holdings
Withdrawn status Lost status Damaged status Not for loan Collection code Permanent Location Current Location Shelving location Date acquired Source of acquisition Cost, normal purchase price Total Checkouts Full call number Barcode Date last seen Date last checked out Price effective from Koha item type Total Renewals
          Central Library (CL) Central Library (CL) General Stacks 01/27/2007 Allied Book Company 292.50 1 530.41 ALI SEECS008063 06/05/2025 09/04/2024 01/05/2017 Book  
          Central Library (CL) Central Library (CL) General Stacks 01/27/2007 Allied Book Company 292.50   530.41 ALI SEECS008062 11/14/2012   01/05/2017 Book  
          Central Library (CL) Central Library (CL) General Stacks 01/27/2007 Allied Book Company 292.50 2 530.41 ALI SEECS008061 02/24/2022 02/24/2021 01/05/2017 Book 3
© 2023 Central Library, National University of Sciences and Technology. All Rights Reserved.